000 00866cam a2200313 4500500
005 20260405003201.0
041 _afre
042 _adc
100 1 0 _aLegros, Martin
_eauthor
245 0 0 _aSocialisme ou Barbarie. L’aventure d’une lucidité radicale
260 _c2020.
500 _a55
690 _aAntitotalitarisme
690 _aBarbarie
690 _aClaude Lefort
690 _aCommunisme
690 _aCornelius Castoriadis
690 _aGrèce
690 _aMarx
690 _aMarxisme
690 _aNuance
690 _aPolitique
690 _aPropriété
690 _aSocialisme
690 _aTrotski
690 _aURSS
786 0 _nPhilosophie magazine | 145 | 1 | 2020-12-01 | p. 41-41 | 1951-1787
856 4 1 _uhttps://shs.cairn.info/magazine-philosophie-magazine-2020-12-1-page-41?lang=fr&redirect-ssocas=7080
999 _c2065119
_d2065119